Turrialba : ahí en la campiña azucarera (Registro nro. 7905)
[ vista simple ]
| 000 -CABECERA | |
|---|---|
| campo de control de longitud fija | 00459nam a22001697a 4500 |
| 005 - FECHA Y HORA DE ACTUALIZACIÓN | |
| campo de control | 20160406151325.0 |
| 008 - LONGITUD FIJA | |
| campo de control de longitud fija | 160406b xxu||||| |||| 00| 0 spa d |
| 082 ## - CLASIFICACIÓN DECIMAL DEWEY | |
| Número de clasificación | 972.862 |
| Número de documento/Ítem | C764t |
| 100 ## - AUTOR PERSONAL | |
| Nombre de persona | Contreras Alvarez, Gerardo |
| 245 ## - TÍTULO PROPIAMENTE DICHO | |
| Título | Turrialba : ahí en la campiña azucarera |
| 260 ## - PIE DE IMPRENTA | |
| Lugar de publicación, distribución, etc. | Costa Rica |
| Nombre del editor, distribuidor, etc. | G. Contreras |
| Fecha de publicación, distribución, etc. | 2015 |
| 300 ## - DESCRIPCIÓN FÍSICA | |
| Extensión | 158 páginas |
| 650 ## - Materia General | |
| Materia general | TURRIALBA |
| 650 ## - Materia General | |
| Materia general | CARTAGO |
| 650 ## - Materia General | |
| Materia general | HISTORIA |
| 942 ## - Punto de Acceso Adicional Koha | |
| Tipo de ítem Koha | Libro |
| Estado perdido | Estado dañado | No para préstamo | Biblioteca permanente | Biblioteca actual | Signatura completa | Código de barras | Precio efectivo a partir del | Tipo de ítem |
|---|---|---|---|---|---|---|---|---|
| Departamento de Biblioteca y Documentación Alfonso Chase Brenes | Departamento de Biblioteca y Documentación Alfonso Chase Brenes | 972.862 C764t | 20976 | 06/04/2016 | Libro |